[Event "Schachbundesliga 2010-11"]
[Site "Griesheim GER"]
[Date "2011.02.26"]
[Round "10"]
[White "Meier,Geo"]
[Black "Grabarczyk,B"]
[Result "1/2-1/2"]
[WhiteElo "2659"]
[BlackElo "2448"]

1.Nf3 d5 2.g3 Bg4 3.Bg2 Nd7 4.c4 dxc4 5.Na3 c6 6.Nxc4 Ngf6 7.O-O Be6 8.Qc2 g6
9.b4 Bg7 10.Rb1 Bxc4 11.Qxc4 O-O 12.d3 Rc8 13.Bd2 a6 14.Rfc1 e5 15.a4 Nb6
16.Qc2 Re8 17.Bh3 Ra8 18.e4 Nfd7 19.Be3 Nc8 20.b5 axb5 21.axb5 cxb5 22.Qc7 Nf8
23.Qxd8 Rxd8 24.Rxb5 Nd6 25.Rbc5 f6 26.Rb1 Ra3 27.Rd5 Nf7 28.Rxd8 Nxd8 29.d4 exd4
30.Nxd4 Ra4 31.f4 Nc6 32.Rd1 Nxd4 33.Bxd4 Kf7 34.Bg2 Rb4 35.Bc5 Rb5 36.Be3 Ne6
37.h4 Bf8 38.Rd7+ Be7 39.Bh3 Nc5 40.Bxc5 Rxc5 41.Rxb7 Rc2 42.Bg2 h5 43.Kh2 Rd2
44.Kh3 Re2 45.Bf3 Rf2 46.Bd1 Rd2 47.Bb3+ Kf8 48.Bd5 Rd3 49.Rb8+ Kg7 50.Rg8+ Kh7
51.Bf7 Rd8 52.Rxd8  1/2-1/2

[Event "61st ch-RUS w 1st League"]
[Site "Ivanovo RUS"]
[Date "2011.02.27"]
[Round "7"]
[White "Trubitsyna,Y"]
[Black "Sysoykina,L"]
[Result "1-0"]
[WhiteElo "2091"]
[BlackElo "1943"]

1.g3 d5 2.Nf3 Nf6 3.Bg2 Bf5 4.O-O e6 5.d3 h6 6.Nbd2 Be7 7.b3 O-O 8.Bb2 Bh7
9.c4 c6 10.Qc2 Nbd7 11.a3 a5 12.e4 dxe4 13.Nxe4 Nxe4 14.dxe4 Bf6 15.Nd4 Qb6
16.Rfd1 Nc5 17.Rab1 Rfd8 18.Bc3 Qc7 19.b4 axb4 20.axb4 Na4 21.Ba1 Nb6 22.c5 Nd7
23.Bc3 Ra6 24.Qb3 b6 25.Nxc6 Rda8 26.Bxf6 gxf6 27.cxb6 Rxb6 28.b5 Ne5 29.Nxe5 Qxe5
30.Qe3 Rxb5 31.Rxb5 Qxb5 32.e5 Rc8 33.exf6 Qg5 34.Qc3 Rf8 35.h4 Qf5 36.Re1 Qd3
37.Qc1 Qg6 38.Qf4 h5 39.Re5 Kh8 40.Be4  1-0

[Event "61st ch-RUS w 1st League"]
[Site "Ivanovo RUS"]
[Date "2011.02.27"]
[Round "7"]
[White "Alieva,A"]
[Black "Nikitina,E"]
[Result "0-1"]
[WhiteElo "1892"]
[BlackElo "2029"]

1.Nf3 d5 2.g3 Nf6 3.Bg2 c5 4.d3 Nc6 5.Nbd2 e5 6.e4 dxe4 7.dxe4 Qc7 8.c3 Bg4
9.Qc2 g6 10.O-O Bg7 11.Nc4 h6 12.Be3 b6 13.h3 Be6 14.Nfd2 O-O 15.f4 Nh5 16.Kh2 exf4
17.gxf4 g5 18.e5 gxf4 19.Bxf4 Nxf4 20.Rxf4 Nxe5 21.Kh1 Nxc4 22.Rxc4 Rad8
23.Rh4 Qg3 24.Nf3 Qg6 25.Qf2 Bf6 26.Rg1 Bg5 27.Bf1 Bd5 28.Rhg4 Kh8 29.h4 Qf5
30.Be2 Bf6 31.Qe3 Qh5 32.Qf4 Be5 33.Qe3 Rg8 34.Rxg8+ Rxg8 35.Rxg8+ Kxg8 36.Kg1 Qg4+
37.Kf1 Bg3 38.Ng1 Qf4+ 39.Qxf4 Bxf4 40.Kf2 Bxa2 41.Kf3 Bd6 42.c4 Bb1  0-1

[Event "27th Open"]
[Site "Cappelle la Grande FRA"]
[Date "2011.02.28"]
[Round "3"]
[White "Pantsulaia,L"]
[Black "Kanep,M"]
[Result "1/2-1/2"]
[WhiteElo "2610"]
[BlackElo "2531"]

1.Nf3 d5 2.g3 Nf6 3.Bg2 e6 4.O-O Be7 5.c4 O-O 6.Qc2 c5 7.d4 cxd4 8.Nxd4 Nc6
9.Nxc6 bxc6 10.b3 a5 11.Nc3 Ba6 12.Rd1 Rc8 13.Na4 Qc7 14.Be3 c5 15.cxd5 Nxd5
16.Bxd5 exd5 17.Rxd5 Bb7 18.Bf4 Qc6 19.Rad1 Rfe8 20.f3 Qa6 21.Re5 Bf8 22.Rxe8 Rxe8
23.e4 f5 24.Nc3 c4 25.Nd5 fxe4 26.fxe4 cxb3 27.axb3 Qe6 28.Qc4 Ba6 29.Qd4 Qxe4
30.Qxe4 Rxe4 31.Be3 Re5 32.Bf2 Bb7 33.Nb6 Bc6  1/2-1/2

[Event "27th Open"]
[Site "Cappelle la Grande FRA"]
[Date "2011.02.28"]
[Round "3.30"]
[White "Berczes,D"]
[Black "Remille,T"]
[Result "1-0"]
[WhiteElo "2535"]
[BlackElo "2196"]

1.Nf3 d5 2.g3 Nf6 3.Bg2 Bf5 4.c4 c6 5.cxd5 cxd5 6.Qb3 Qb6 7.Qxb6 axb6 8.Nc3 e6
9.d3 Nc6 10.O-O Be7 11.Bf4 O-O 12.Nb5 Bg4 13.h3 Bh5 14.g4 Bg6 15.Rfc1 Rfc8
16.a3 Nd7 17.b4 f6 18.Nc7 Rxc7 19.Bxc7 e5 20.Nh4 Bf7 21.Nf5 Bf8 22.Ne3 Nd4
23.Ra2 Bxb4 24.Nxd5 Bc5 25.e3 Nb5 26.Raa1 Kf8 27.a4 Na7 28.a5 Nb5 29.Bxb6 Bd6
30.Nc3 Nxc3 31.Rxc3 Nxb6 32.Bxb7 Ra7 33.a6 Ke7 34.Rc6 Nd7 35.Rc8 Nb8 36.d4 exd4
37.exd4 Kd7 38.Rc3 h5 39.f3 h4 40.Kf2 Bf4 41.Ke2 g5 42.Kd3 Bd6 43.Ra4 Bg8
44.Ke3 Bf7 45.Ra1 Bg8 46.Ke2 Bf7 47.Kd3 Bg8 48.Rc8 Bf7 49.Rh8 Nc6 50.Rh7 Nb4+
51.Kc3 Ke7 52.Ra4 Kf8 53.Rxb4 Kg8 54.Rxf7 Kxf7 55.Rb6 Ke7 56.Rc6 Kd7 57.Kc4  1-0

[Event "27th Open"]
[Site "Cappelle la Grande FRA"]
[Date "2011.03.01"]
[Round "5.53"]
[White "Sepp,O"]
[Black "Nikolova,A"]
[Result "1-0"]
[WhiteElo "2485"]
[BlackElo "2311"]

1.g3 d5 2.Nf3 Nf6 3.Bg2 c6 4.O-O Bf5 5.d3 Nbd7 6.Nbd2 h6 7.Qe1 e6 8.e4 dxe4
9.dxe4 Bh7 10.Qe2 Qc7 11.b3 Be7 12.Bb2 a5 13.a3 O-O 14.Rfd1 Rfd8 15.h3 Nc5
16.Ne5 Nfd7 17.Ndc4 b5 18.Nxd7 Nxd7 19.Ne3 Bf6 20.Bxf6 Nxf6 21.Ng4 Nxg4 22.hxg4 e5
23.Qe3 Rd6 24.b4 axb4 25.axb4 Rad8 26.Rdc1 Qd7 27.Qc5 f6 28.c4 Qxg4 29.cxb5 cxb5
30.Qxb5 Rd1+ 31.Rxd1 Rxd1+ 32.Rxd1 Qxd1+ 33.Kh2 Bg6 34.Qd5+ Qxd5 35.exd5 Bd3
36.d6 Bb5 37.Bf1 Ba4 38.b5 Kf8 39.b6 Bc6 40.Bg2 e4 41.Bh3 Bb7 42.Be6 h5 43.Kg1 g5
44.Kf1 Ke8 45.Ke2 Kd8 46.Ke3 Ke8 47.Bf5 Kd8 48.Bxe4 Bc8 49.Kd4 h4 50.gxh4 gxh4
51.b7  1-0

[Event "27th Open"]
[Site "Cappelle la Grande FRA"]
[Date "2011.03.01"]
[Round "5.89"]
[White "Valuet,B"]
[Black "Louis,C"]
[Result "1-0"]
[WhiteElo "2307"]
[BlackElo "1902"]

1.Nf3 d5 2.g3 c5 3.Bg2 Nc6 4.d4 e6 5.O-O Nf6 6.c4 Be7 7.Nc3 O-O 8.cxd5 exd5
9.Bg5 h6 10.Bxf6 Bxf6 11.dxc5 Be6 12.Na4 Re8 13.e3 Qd7 14.Rc1 Rad8 15.Nc3 Qe7
16.Qa4 Qxc5 17.Ne4 Qe7 18.Nxf6+ Qxf6 19.Nd4 Nxd4 20.exd4 a6 21.Rc7 Re7 22.Rfc1 Rxc7
23.Rxc7 Qf5 24.Qc2 Qxc2 25.Rxc2 Rd7 26.Rc8+ Kh7 27.Rc5 Kg6 28.Kf1 Kf6 29.Ke1 Ke7
30.Kd2 Kd6 31.f4 b6 32.Rc3 f6 33.Bf1 a5 34.Bd3 Re7 35.f5 Bd7 36.Rc1 Bc6 37.g4 Re8
38.h4 Bd7 39.b3 Rc8 40.Rg1 Be8 41.a4 Rc7 42.g5 hxg5 43.hxg5 Bf7 44.Bb5 Rc8
45.g6 Be8 46.Re1 Bd7 47.Bxd7 Kxd7 48.Rh1 Kd6 49.Rh7 Rg8 50.Kc3 Rc8+ 51.Kb2 Rg8
52.b4 Kd7 53.Kb3 Kd6 54.Ka3 Kd7 55.Rh3 Ra8 56.bxa5 bxa5 57.Rb3 Kc7 58.Rb5 Kc6
59.Kb3 Ra7 60.Kc3 Ra8 61.Kd3 Ra7 62.Rb8 Kc7 63.Rf8 Kd6 64.Ke3 Re7+ 65.Kf3 Ra7
66.Kg4 Kc6 67.Rf7 Rd7 68.Kh5 Kd6 69.Rf8 Ra7 70.Rb8 Kc6 71.Re8 Rd7 72.Ra8 Kb6
73.Rf8 Kc6 74.Rxf6+ gxf6 75.Kh6 Kd6 76.g7 Rd8 77.Kh7 Ke7 78.g8=Q  1-0

[Event "27th Open"]
[Site "Cappelle la Grande FRA"]
[Date "2011.03.02"]
[Round "6.58"]
[White "Foisor,O"]
[Black "Frisk,E"]
[Result "1-0"]
[WhiteElo "2397"]
[BlackElo "2131"]

1.Nf3 d5 2.g3 Nf6 3.Bg2 Bf5 4.d3 c6 5.O-O h6 6.Nc3 Nbd7 7.Nd2 e5 8.e4 dxe4
9.dxe4 Be6 10.f4 Bc5+ 11.Kh1 exf4 12.gxf4 Ng4 13.Qe1 Ne3 14.f5 Bc4 15.Nxc4 Nxc4
16.Qg3 Qf6 17.e5 Ncxe5 18.Ne4 Qe7 19.Qxg7 O-O-O 20.f6 Qe6 21.Nxc5 Nxc5 22.Qg3 Ncd7
23.Bf4 Rhg8 24.Qf2 Kb8 25.Rae1 Ka8 26.b4 Ng4 27.Qf3 Qc4 28.Re4 Qxc2 29.b5 Ndxf6
30.Re2 Qd3 31.bxc6 Qxf3 32.Bxf3 Nd5 33.c7 Nxf4 34.Rb2 Nd5 35.cxd8=Q+ Rxd8
36.Bxg4 Ne3 37.Rg1  1-0

[Event "27th Open"]
[Site "Cappelle la Grande FRA"]
[Date "2011.03.02"]
[Round "6.75"]
[White "Neuhauser,S"]
[Black "Valuet,B"]
[Result "0-1"]
[WhiteElo "2066"]
[BlackElo "2307"]

1.Nf3 d5 2.g3 c5 3.Bg2 Nf6 4.c4 d4 5.e3 Nc6 6.exd4 cxd4 7.d3 Nd7 8.b3 Nc5
9.O-O Bf5 10.Ba3 e6 11.Bxc5 Bxc5 12.Nh4 O-O 13.Nxf5 exf5 14.Nd2 Qd6 15.Qf3 Bb4
16.Rad1 Qf6 17.Qd5 a6 18.Qd7 Ne5 19.Qxb7 Rab8 20.Qa7 Rfc8 21.f4 Ng4 22.Nf3 Qe6
23.Ng5 Qe3+ 24.Kh1 Be7 25.Nh3 Bc5 26.Qd7 Qe2 27.Ng5 Rf8 28.Qxf5 Qxg2+ 29.Kxg2 Ne3+
30.Kf3 Nxf5 31.Rfe1 Ne3 32.Rxe3 dxe3 33.d4 Rbd8 34.d5 Rfe8 35.Re1 f5 36.Ne6 Rxe6
37.dxe6 Rd2 38.Re2 Rxe2 39.Kxe2 a5 40.a3 a4 41.b4 Bxb4 42.Kxe3 Bxa3 43.Kd4 Kf8
44.c5 Bxc5+ 45.Kxc5 a3 46.Kd6 Ke8  0-1

[Event "1st Dimitar Nikolov Mem"]
[Site "Sofia BUL"]
[Date "2011.03.04"]
[Round "2"]
[White "Kolev,Vel"]
[Black "Najdenova,Jana"]
[Result "1-0"]
[WhiteElo "1950"]
[BlackElo "1457"]

1.Nf3 d5 2.g3 Nf6 3.Bg2 e6 4.O-O Bd6 5.d3 O-O 6.Nbd2 Nc6 7.e4 Re8 8.Re1 e5
9.h3 dxe4 10.dxe4 Be6 11.Ng5 h6 12.Nxe6 Rxe6 13.c3 Bc5 14.Qb3 Rb8 15.Nc4 Nh5
16.Be3 Bxe3 17.Nxe3 b6 18.Rad1 Qf6 19.Nd5 Qg5 20.Qc2 Rc8 21.Qe2 Nf6 22.Ne3 Ne7
23.h4 Qg6 24.Bh3 Nxe4 25.Bxe6 fxe6 26.Ng4 Nd6 27.Nxe5 Qf5 28.Nd3 Kf7 29.Nf4 g5
30.hxg5 hxg5 31.Qxe6+ Qxe6 32.Nxe6 g4 33.Ng5+ Kf8 34.Rd4 Nef5 35.Rxg4 Re8
36.Rxe8+ Kxe8 37.Ne6 Kd7 38.Nd4 Ne7 39.Rg7 Kd8 40.g4 c5 41.Nf5 Ndxf5 42.gxf5 Nxf5
43.Rxa7  1-0

[Event "TCh-AUT 2010-11"]
[Site "St Veit/Glan AUT"]
[Date "2011.03.04"]
[Round "9"]
[White "Moser,E"]
[Black "Rapport,R"]
[Result "1/2-1/2"]
[WhiteElo "2413"]
[BlackElo "2543"]

1.g3 d5 2.Nf3 c6 3.Bg2 Bg4 4.O-O Nf6 5.d3 Nbd7 6.Nbd2 e5 7.e4 dxe4 8.dxe4 Bc5
9.h3 Bh5 10.Qe1 O-O 11.Nb3 Bb6 12.a4 a5 13.Be3 Bxf3 14.Bxf3 Re8 15.Qc3 Bxe3
16.Qxe3 Qc7 17.Rfd1 Nf8 18.Be2 b6 19.Rd2 h6 20.h4 Red8 21.Rad1 Rxd2 22.Rxd2 Rd8
23.Rxd8 Qxd8 24.Nd2 N8d7 25.Nc4 Qc7 26.b3 b5 27.Nb2 Nf8 28.c3 Qd6 29.Nd3 bxa4
30.bxa4 N8d7 31.Qa7 Nxe4 32.Qxa5 Qf6 33.Qb4 Ndc5 34.Qb8+ Kh7 35.Qxe5 Qxe5
36.Nxe5 Nxc3 37.Bc4 f6 38.Nxc6 N3xa4 39.Kg2  1/2-1/2

[Event "ch-Subotica Open 2011"]
[Site "Subotica SRB"]
[Date "2011.03.04"]
[Round "6"]
[White "Cabarkapa,N"]
[Black "Tancik,K"]
[Result "1/2-1/2"]
[WhiteElo "2157"]
[BlackElo "2282"]

1.Nf3 d5 2.g3 c6 3.Bg2 Bg4 4.O-O e6 5.d3 Nd7 6.Nbd2 Bd6 7.b3 Ngf6 8.Bb2 O-O
9.c4 Qe7 10.Qc2 Ba3 11.Bc3 Bb4 12.Bb2 Ba3  1/2-1/2

[Event "Brunei IM2 2011"]
[Site "Bandar Seri Begawan BRU"]
[Date "2011.03.05"]
[Round "3"]
[White "Vakhidov,J"]
[Black "Munir,Azizi Bin Ahmad"]
[Result "1-0"]
[WhiteElo "2295"]
[BlackElo "1928"]

1.Nf3 d5 2.g3 Bg4 3.Bg2 Nd7 4.O-O Ngf6 5.d3 e5 6.d4 exd4 7.Nxd4 c5 8.h3 Be6
9.Nxe6 fxe6 10.e4 dxe4 11.Nc3 Qc7 12.Qe2 O-O-O 13.b3 a6 14.Nxe4 Nxe4 15.Qxe4 e5
16.Bb2 Bd6 17.Rad1 Nf6 18.Qf5+ Kb8 19.Rxd6 Rxd6 20.Bxe5 Ka7 21.Qf3 Rhd8 22.g4 h6
23.c4 Qb6 24.Bxd6 Rxd6 25.Re1 Rd7 26.Qf5 Qd6 27.Bf3 Qc7 28.Rb1 Rd4 29.b4 Rf4
30.Qd3 Rd4 31.Qb3 Ne4 32.Bxe4 Rxe4 33.bxc5 Re6 34.Kf1 Rc6 35.Qb6+ Kb8 36.Qxc7+ Kxc7
37.Re1 Kd7 38.Rd1+ Kc7 39.Rd5 Re6 40.Rd6 Re7 41.Rg6 Kd7 42.f4 Ke8 43.f5 Kf7
44.Rb6 Rc7 45.Ke2  1-0

[Event "27th Open"]
[Site "Cappelle la Grande FRA"]
[Date "2011.03.05"]
[Round "9.3"]
[White "Harikrishna,P"]
[Black "Tikkanen,H"]
[Result "1/2-1/2"]
[WhiteElo "2667"]
[BlackElo "2550"]

1.Nf3 d5 2.g3 Nc6 3.Bg2 e5 4.O-O Nf6 5.d3 Be7 6.Nbd2 O-O 7.e4 dxe4 8.dxe4 b6
9.b3 Bb4 10.Bb2 Qe7 11.a3 Bxd2 12.Qxd2 Bb7 13.Qe2 a5 14.Rfd1 Rfd8 15.Qc4 Rxd1+
16.Rxd1 Rd8 17.Rd3 Rxd3 18.cxd3 Nd7 19.d4 exd4 20.Nxd4 Qc5 21.Nxc6 Qxc4 22.Ne7+ Kf8
23.bxc4 Kxe7 24.Bxg7 Ba6 25.Bf1 f6 26.Bh6 Ne5 27.Bf4 Ke6 28.c5 Nf3+ 29.Kg2 Ne1+
30.Kg1 Nf3+ 31.Kg2  1/2-1/2

[Event "27th Open"]
[Site "Cappelle la Grande FRA"]
[Date "2011.03.05"]
[Round "9.18"]
[White "Matjushin,G"]
[Black "Georgiev,Vl"]
[Result "0-1"]
[WhiteElo "2490"]
[BlackElo "2579"]

1.Nf3 d5 2.g3 Nf6 3.Bg2 e6 4.d4 Be7 5.c4 O-O 6.O-O dxc4 7.Qc2 b5 8.a4 b4
9.Ne5 Qxd4 10.Bxa8 Qxe5 11.Bf3 Ba6 12.Bf4 Qc5 13.Be3 Qa5 14.Nd2 b3 15.Qc1 Qb4
16.Bd4 Nd5 17.Bxd5 exd5 18.e4 Qb7 19.Re1 c5 20.Be5 d4 21.Nxc4 Rd8 22.Bxb8 Qxb8
23.f4 Qb4 24.Ne5 Rc8 25.Qd1 c4 26.Qh5 g6 27.Qe2 d3 28.Qg4 d2 29.Red1 Rd8
30.Kg2 Bb7 31.h4 c3  0-1

[Event "1st Dimitar Nikolov Mem"]
[Site "Sofia BUL"]
[Date "2011.03.05"]
[Round "4"]
[White "Kolev,Vel"]
[Black "Gogov,K"]
[Result "1-0"]
[WhiteElo "1950"]
[BlackElo "1534"]

1.Nf3 d5 2.g3 Nf6 3.Bg2 Bg4 4.Ne5 Bf5 5.c4 c6 6.cxd5 cxd5 7.Qa4+ Nbd7 8.Nc3 e6
9.d3 Bd6 10.Nxd7 Qxd7 11.Qxd7+ Nxd7 12.Be3 O-O 13.O-O Be5 14.Bd2 h6 15.e4 dxe4
16.dxe4 Bh7 17.f4 Bc7 18.Be3 Bb6 19.Kf2 Nc5 20.Rfd1 Rfd8 21.Ke2 Na6 22.a3 Bxe3
23.Kxe3 Nc5 24.Rxd8+ Rxd8 25.Rd1 Rxd1 26.Nxd1 b6 27.Nc3 f6 28.b4 Nd7 29.Nb5 a5
30.Nc7 Kf7 31.Bf1 Ke7 32.Bc4 e5 33.f5 g6 34.g4 g5 35.Kd3 Kd6 36.Ne8+ Ke7
37.Nc7 Kd6 38.Nb5+ Kc6 39.Nc3 Kd6 40.Bd5 Kc7 41.Nb5+ Kd8 42.Kc4 axb4 43.axb4 Ke7
44.Nc7 Kf8 45.Kb5 Bg8 46.Bxg8 Kxg8 47.Kc6 Nb8+ 48.Kxb6 Kh7 49.b5 h5 50.h3 Kg7
51.Ne8+ Kf7 52.Nxf6 Kxf6 53.Kc7  1-0

[Event "1st Dimitar Nikolov Mem"]
[Site "Sofia BUL"]
[Date "2011.03.05"]
[Round "5"]
[White "Vlashki,N"]
[Black "Andreev,Do"]
[Result "1-0"]
[WhiteElo "2239"]
[BlackElo "2023"]

1.Nf3 d5 2.g3 Nf6 3.Bg2 c6 4.O-O Bg4 5.d3 Nbd7 6.Nbd2 e6 7.b3 Bd6 8.Bb2 Qc7
9.c4 O-O 10.Qc2 Ne5  1-0

[Event "TCh-AUT 2010-11"]
[Site "St Veit/Glan AUT"]
[Date "2011.03.05"]
[Round "10"]
[White "Rapport,R"]
[Black "Buhmann,R"]
[Result "0-1"]
[WhiteElo "2543"]
[BlackElo "2577"]

1.Nf3 d5 2.g3 c6 3.Bg2 Nf6 4.b3 Bg4 5.Bb2 Nbd7 6.d3 e6 7.O-O Be7 8.Nbd2 O-O
9.c4 a5 10.a3 Bh5 11.Qc2 Re8 12.e3 Nc5 13.Ne5 Nfd7 14.Nxd7 Qxd7 15.Nf3 Bxf3
16.Bxf3 dxc4 17.dxc4 Qd3 18.Qxd3 Nxd3 19.Bc3 Bf6 20.Bxf6 gxf6 21.Rfd1 Red8
22.Be4 Nc5 23.Bc2 f5 24.Kf1 a4 25.b4 Nb3 26.Rxd8+ Rxd8 27.Bxb3 axb3 28.Rb1 Rd3
29.a4 Kf8 30.c5 e5 31.Ke2 e4 32.Rb2 Ke7 33.b5 cxb5 34.axb5 Ke6 35.c6 bxc6
36.bxc6 Rc3 37.Kd2 Rd3+ 38.Ke2 Kd6 39.Rd2 Kxc6 40.Rxd3 exd3+ 41.Kxd3 Kb5
42.Kc3 Ka4 43.Kb2 Kb4 44.h3 h5 45.f3 Kc4 46.g4 fxg4 47.fxg4 hxg4 48.hxg4 f6
49.e4 Kd4  0-1

[Event "43th WGM"]
[Site "Belgrade SRB"]
[Date "2011.03.06"]
[Round "1.4"]
[White "Vojinovic,J"]
[Black "Olarasu,G"]
[Result "0-1"]
[WhiteElo "2278"]
[BlackElo "2273"]

1.Nf3 d5 2.g3 Nf6 3.Bg2 Bf5 4.d3 e6 5.O-O h6 6.c4 c6 7.cxd5 exd5 8.Nd4 Bh7
9.e4 dxe4 10.dxe4 Bc5 11.Be3 O-O 12.Nc3 Re8 13.f3 Nbd7 14.Na4 Bf8 15.Nb3 a5
16.Bf2 g5 17.Nbc5 b5 18.Nxd7 Nxd7 19.Nc3 Nc5 20.Qc2 Qd3 21.Qc1 Rad8 22.Rd1 Qc4
23.Bf1 Qe6 24.g4 Qf6 25.Be2 Ne6 26.Qc2 Nd4 27.Rxd4 Rxd4 28.Bxd4 Qxd4+ 29.Kh1 Qe5
30.Bf1 Bd6 31.Nd1 Qf4 32.Qf2 Be5 33.Qg3 Qf6 34.Qg2 Rd8 35.Rb1 Bf4 36.Be2 Rd2
37.Qf1 Qd4 38.Nc3 Qe3 39.Re1 Be5 40.Nd1 Qf4 41.Qg2 Bg6 42.Nf2 Qe3 43.Nd3 Rxd3  0-1

[Event "43th WGM"]
[Site "Belgrade SRB"]
[Date "2011.03.06"]
[Round "1.1"]
[White "Voiska,M"]
[Black "Eric,J"]
[Result "1-0"]
[WhiteElo "2313"]
[BlackElo "2230"]

1.Nf3 d5 2.g3 Bg4 3.Bg2 c6 4.c4 e6 5.cxd5 exd5 6.O-O Nd7 7.d3 Ngf6 8.h3 Bxf3
9.Bxf3 Bd6 10.e4 dxe4 11.dxe4 Ne5 12.Bg2 O-O 13.Qc2 Qe7 14.f4 Bc5+ 15.Kh1 Ng6
16.Nc3 Rfd8 17.e5 Ne8 18.Ne4 Bd4 19.Ng5 Nf8 20.Bd2 Nc7 21.Nf3 Bb6 22.f5 Qc5
23.Qe4 Qb5 24.Qg4 Ne8 25.Bc3 Ba5 26.b4 Qd3 27.Rac1 Bb6 28.e6 fxe6 29.fxe6 Ng6
30.e7 Rd6 31.Ne5 Nf6 32.Rxf6 Qe3 33.Qc4+  1-0

[Event "TCh-CZE 2010-11"]
[Site "Czech Rep CZE"]
[Date "2011.03.06"]
[Round "9.7"]
[White "Zpevak,P"]
[Black "Straka,Jos"]
[Result "1/2-1/2"]
[WhiteElo "2391"]
[BlackElo "2335"]

1.Nf3 d5 2.g3 c6 3.Bg2 Bg4 4.d3 Nd7 5.e4 Ne5 6.Nbd2 Nxf3+ 7.Bxf3 Bxf3 8.Nxf3 e6
9.Qe2 Nf6 10.O-O Be7 11.b3 O-O 12.Bb2 a5 13.a4 Qb6 14.Bd4 Qc7 15.Be5 Qb6
16.Bd4 Qc7 17.Be5 Qb6 18.Rad1 Qb4 19.Nd2 Qc5 20.Nf3 Qb4 21.Nd2 Qc5 22.Nf3 Qb4
23.Rfe1 Rfd8 24.exd5 Nxd5 25.Qe4 Nc3 26.Bxc3 Qxc3 27.Ne5 Bf6 28.Re2 Rd4 29.Qe3 b5
30.Nf3 Rb4 31.axb5 cxb5 32.d4 Qc6 33.Ne5 Bxe5 34.dxe5 h6 35.Rd6 Qb7 36.Qd2 Rf8
37.Re3 Qc7 38.Rc3 Qe7 39.Rcd3 Qg5 40.Qxg5 hxg5 41.Ra6 a4 42.bxa4 bxa4 43.Ra3 Rc8
44.c3 Rbc4 45.R6xa4 Rxa4 46.Rxa4 Rxc3  1/2-1/2

[Event "TCh-AUT 2010-11"]
[Site "St Veit/Glan AUT"]
[Date "2011.03.06"]
[Round "11"]
[White "Maiwald,JU"]
[Black "Nanu,C"]
[Result "1/2-1/2"]
[WhiteElo "2468"]
[BlackElo "2521"]

1.Nf3 d5 2.g3 c6 3.Bg2 Bg4 4.O-O Nd7 5.d4 e6 6.Nbd2 Ngf6 7.Re1 Be7 8.e4 dxe4
9.Nxe4 Nxe4 10.Rxe4 Nf6 11.Re1 O-O 12.c3 Qc7 13.Qb3 Bxf3 14.Bxf3 Rad8 15.Bf4 Bd6
16.Bg5 Be7 17.Bf4 Bd6 18.Bg5 Be7 19.Rad1 Nd5 20.Bc1 b5 21.Kg2 Rd7 22.h4 Rfd8
23.Bg5 Nf6 24.a4 a6 25.axb5 axb5 26.Ra1 Qb6 27.Qc2 h6 28.Bxf6 Bxf6 29.Qe4 c5
30.dxc5 Qxc5 31.Re2 Rb8 32.h5 b4 33.cxb4 Qxb4 34.Ra8 Rdd8 35.Qxb4 Rxb4 36.Rxd8+ Bxd8
37.Rc2 Kf8 38.Bd1 Ke7 39.b3 Rxb3 40.Rc7+ Bxc7 41.Bxb3 Kf6 42.f4  1/2-1/2

[Event "43rd WGM"]
[Site "Belgrade SRB"]
[Date "2011.03.08"]
[Round "3.5"]
[White "Chelushkina,I"]
[Black "Olarasu,G"]
[Result "1-0"]
[WhiteElo "2314"]
[BlackElo "2273"]

1.g3 d5 2.Nf3 Nf6 3.Bg2 c6 4.O-O Bg4 5.Ne5 Bh5 6.d4 e6 7.c4 Nfd7 8.cxd5 cxd5
9.Nd3 Nc6 10.Nf4 Bg6 11.Nc3 Qb6 12.Nxg6 hxg6 13.e4 dxe4 14.d5 exd5 15.Nxd5 Qd8
16.Bf4 Rc8 17.Bxe4 Bc5 18.b4 Bd4 19.b5 Bxa1 20.Qxa1 O-O 21.bxc6 bxc6 22.Nb4 Qe7
23.Qb1 g5 24.Be3 Rfe8 25.Bh7+ Kh8 26.Bf5 Rb8 27.Qd1 Ne5 28.Qh5+  1-0

[Event "Saint Louis Invitational"]
[Site "Saint Louis USA"]
[Date "2011.03.08"]
[Round "9"]
[White "Kraai,J"]
[Black "Kaidanov,G"]
[Result "1/2-1/2"]
[WhiteElo "2509"]
[BlackElo "2569"]

1.Nf3 d5 2.g3 c5 3.Bg2 Nc6 4.d4 Nf6 5.O-O e6 6.c4 dxc4 7.Ne5 Bd7 8.Na3 cxd4
9.Naxc4 Be7 10.Qb3 Qc7 11.Nxc6 Bxc6 12.Bf4 Qd8 13.Bxc6+ bxc6 14.Ne5 c5 15.Qa4+ Kf8
16.e3 Nd5 17.exd4 cxd4 18.Qxd4 f6 19.Nc6 Qb6 20.Qxb6 axb6 21.Bd2 Kf7 22.Rfc1 Rhc8
23.b4 b5 24.a4 bxa4 25.b5 Rc7 26.Ba5 Rb7 27.b6 a3 28.Rcb1 Bd6 29.Rb5 Ke8
30.Ra2 Kd7 31.Nd4 Rc8 32.Nc2 Nc3 33.Bxc3 Rxc3 34.Ra5 Rxb6 35.Nxa3 Bxa3 36.R5xa3 Rxa3
37.Rxa3 Kc6 38.Rc3+ Kd6 39.Rd3+ Ke7 40.Ra3 Rb7 41.h4 h5 42.Ra8 Kf7 43.Rh8 Kg6
44.Kg2 Rb3 45.Kf1 Rb2 46.Kg2 Rb3 47.Kf1 Ra3 48.Ke2 e5 49.Rg8 Kf7 50.Rh8 g6
51.Rh7+ Ke6 52.Rg7 Kf5 53.Rg8 Rb3 54.Rg7 g5 55.hxg5 fxg5 56.Rh7 Kg4 57.Rg7 Rb6
58.f3+ Kf5 59.Rf7+ Kg6 60.Re7 Kf5 61.Rf7+ Kg6 62.Re7 Rb2+ 63.Ke3 Rg2 64.Rxe5 Rxg3
65.Kf2 Rh3 66.Kg2 Rh4 67.Re6+ Kf7 68.Rh6 Kg7 69.Ra6 Rf4 70.Kg3 Rf6 71.Ra5 Kg6
72.Rb5 Rc6 73.Ra5 h4+ 74.Kh3 Rc3 75.Kg4 Rc4+ 76.Kh3 Rc2 77.Ra8 Kf5 78.Rf8+ Ke5
79.Rg8 Kf6 80.Rf8+ Kg7 81.Rf5 Kg6 82.Rf8 Rc5 83.Kg4 Rc4+ 84.Kh3 Rc2 85.Kg4 Rg2+
86.Kh3 Rg1 87.Kh2 Rd1 88.Kh3 Rd4 89.Rg8+ Kf5 90.Rf8+ Ke5 91.Re8+ Kf4 92.Rf8+ Ke3
93.Rf5 Rf4 94.Rxg5 Kxf3  1/2-1/2

[Event "MP Reykjavik Open"]
[Site "Reykjavik ISL"]
[Date "2011.03.09"]
[Round "1.82"]
[White "Thorfinnsson,Br"]
[Black "Gardarsson,Ho"]
[Result "1-0"]
[WhiteElo "2417"]
[BlackElo "1851"]

1.Nf3 d5 2.g3 Nf6 3.Bg2 Bf5 4.c4 e6 5.cxd5 exd5 6.Qb3 Qc8 7.Nc3 c6 8.O-O Nbd7
9.d3 Bc5 10.e4 dxe4 11.dxe4 Be6 12.Qc2 h6 13.b3 O-O 14.Bb2 Re8 15.Ne2 Bf8
16.Nfd4 Qd8 17.Nxe6 Rxe6 18.Rad1 Qa5 19.Nd4 Ree8 20.Nf5 Qc5 21.Qxc5 Bxc5
22.Nxg7 Kxg7 23.Rxd7 Re7 24.Rd3 Kg6 25.e5 Ng4 26.b4 Bb6 27.Rd6+ Kg7 28.e6+ Nf6
29.exf7 Rxf7 30.Re1 Raf8 31.Bd4 Bxd4 32.Rxd4 Nd5 33.Bxd5 cxd5 34.Re2 Rd7
35.Re5 Rfd8 36.Kg2 Kf6 37.f4 b5 38.Kf3 a6 39.h4 Rd6 40.g4 Rc8 41.g5+ hxg5
42.hxg5+ Kg6 43.Rexd5 Rdc6 44.Kg4  1-0

[Event "43rd WGM"]
[Site "Belgrade SRB"]
[Date "2011.03.10"]
[Round "5.2"]
[White "Vojinovic,J"]
[Black "Benderac,A"]
[Result "1/2-1/2"]
[WhiteElo "2278"]
[BlackElo "2305"]

1.Nf3 d5 2.g3 Nc6 3.d4 Bg4 4.Bg2 Qd7 5.Ne5 Nxe5 6.dxe5 c6 7.h3 Be6 8.Nd2 g6
9.Nf3 Bg7 10.Bf4 f6 11.Qd2 g5 12.exf6 exf6 13.Be3 Ne7 14.h4 g4 15.Nd4 h5
16.Nxe6 Qxe6 17.O-O Kf7 18.Rfe1 f5 19.Bc5 Ng6 20.Rad1 Ne5 21.b3 Rhe8 22.Bd4 Re7
23.c3 a6 24.e3 Nf3+ 25.Bxf3 gxf3 26.Qd3 Rg8 27.c4 Rd7 28.Bxg7 Rxg7 29.e4 fxe4
30.Rxe4 Qxe4 31.Qxe4 dxe4 32.Rxd7+ Kf6 33.Rd8 Kf5 34.Kf1 Re7 35.Rg8 Rd7 36.Ke1 Ke5
37.Re8+ Kd4 38.Kd2 b5 39.Re6 c5 40.Rxa6 bxc4 41.bxc4 e3+ 42.fxe3+ Kxc4+ 43.Ke1 Kd3
44.Ra3+ Ke4 45.Rc3 Rb7 46.Rxc5 Rb1+ 47.Kf2 Rb2+ 48.Kf1 Rxa2 49.Rxh5 Ra1+  1/2-1/2

[Event "43rd WGM"]
[Site "Belgrade SRB"]
[Date "2011.03.10"]
[Round "5.1"]
[White "Maksimovic,S"]
[Black "Eric,J"]
[Result "1/2-1/2"]
[WhiteElo "2203"]
[BlackElo "2230"]

1.Nf3 d5 2.g3 Bg4 3.Bg2 c6 4.c4 e6 5.Qb3 Qb6 6.Qc2 Nd7 7.O-O dxc4 8.Na3 Bxf3
9.Bxf3 Ne5 10.Bg2 Qc5 11.b3 Nf6 12.Nxc4 Nxc4 13.bxc4 h5 14.d4 Qxd4 15.Rb1 Qd7
16.Qa4 b5 17.Qa6 Rc8 18.Bf4 e5 19.Bxe5 b4 20.Bxf6 gxf6 21.Rfd1 Qe6 22.Qxa7 h4
23.Rd4 f5 24.Rbd1 hxg3 25.hxg3 Be7 26.R1d3 Kf8 27.Re3 Qf6 28.Bf3 c5 29.Rd1 f4
30.Re4 fxg3 31.fxg3 Bd6 32.Qd7 Rd8 33.Qc6 Rh3 34.Rg4 Qe5 35.Qe4 Rxg3+ 36.Kf1 Rxg4
37.Qxe5 Bxe5 38.Rxd8+ Ke7 39.Rd5 Rg5 40.Rxc5 Rg1+ 41.Kxg1 Bd4+ 42.Kf1 Bxc5  1/2-1/2

[Event "ch-PriFO A"]
[Site "Tolyatti RUS"]
[Date "2011.03.10"]
[Round "1.9"]
[White "Frolov,Arti"]
[Black "Toropov,P"]
[Result "1/2-1/2"]
[WhiteElo "2445"]
[BlackElo "2234"]

1.Nf3 d5 2.g3 Nf6 3.Bg2 c6 4.O-O Bg4 5.d3 Bxf3 6.Bxf3 Nbd7 7.Nd2 e6 8.e4 Bd6
9.d4 dxe4 10.Nxe4 Nxe4 11.Bxe4 Nf6 12.Bg2 O-O 13.c3 Qc7 14.Bg5 Nd7 15.Qb3 h6
16.Be3 Nf6 17.Rad1 Rad8 18.Bf3 Rd7 19.Kg2 Rfd8 20.Rfe1 Nd5 21.Bc1 Nf6 22.h4 Be7
23.a4 Nd5 24.Qc4 Qa5 25.Qb3 Bf6 26.Be4 Nb6 27.Bc2 c5 28.dxc5 Qxc5 29.Qb5 Qxb5
30.axb5 Rxd1 31.Rxd1 Rxd1 32.Bxd1 Nd7 33.c4 b6 34.b3 Kf8 35.Be3 Bc3 36.g4 Ke7
37.f4 f5 38.h5 Nc5 39.Bc2 Kf6 40.Kf3 g6 41.hxg6 Kxg6 42.Bc1 Kf6 43.Ba3 fxg4+
44.Kxg4 e5 45.b4 Ne6 46.f5 Nd4 47.Bd3 h5+ 48.Kxh5 Nxf5 49.Kg4 e4 50.Bxe4 Ne3+
51.Kf3 Nxc4 52.Bc1  1/2-1/2

[Event "ch-Southern FR Men"]
[Site "Armavir RUS"]
[Date "2011.03.12"]
[Round "1"]
[White "Vastrukhin,O"]
[Black "Kvanin,Georgi"]
[Result "1-0"]
[WhiteElo "2319"]
[BlackElo "1965"]

1.Nf3 d5 2.g3 Nf6 3.Bg2 e6 4.O-O g6 5.c4 dxc4 6.Na3 Bg7 7.Nxc4 O-O 8.d4 Nbd7
9.Bf4 h6 10.Qc2 Nd5 11.Bd2 N5b6 12.Rac1 Nxc4 13.Qxc4 c6 14.Rfd1 Nb6 15.Qb3 Qd5
16.Bb4 Re8 17.Ne5 Qxb3 18.axb3 a5 19.Bc5 Nd7 20.Nxd7 Bxd7 21.Ra1 Ra6 22.b4 Rea8
23.b5 cxb5 24.Bxb7 a4 25.b3 Bf8 26.bxa4 bxa4 27.Rdb1 Bxc5 28.dxc5 Bc6 29.Bxa6 Rxa6
30.Rb6 Rxb6 31.cxb6  1-0